| 000 | 00336nam a22001337a 4500 | ||
|---|---|---|---|
| 005 | 20250901165818.0 | ||
| 008 | 250408b |||||||| |||| 00| 0 eng d | ||
| 020 | _a9780435892968 | ||
| 050 | _aPZ .7. S23 1992 | ||
| 245 |
_aTHE MYSTERY OF MISTER E _cSADLER MIKE |
||
| 260 |
_aMALAWI _bJHANGO HEINEMANN _c1992 |
||
| 300 | _a89 | ||
| 942 | _2lcc | ||
| 999 |
_c9552 _d9552 |
||